| 000 | 01044nam a2200241 a 4500 | ||
|---|---|---|---|
| 001 | 35816 | ||
| 003 | BD-RjUL | ||
| 005 | 20211209052402.0 | ||
| 008 | 161126s2009 bg 001 0 eng d | ||
| 020 | _a9847001900433 | ||
| 035 | _a(BD-RjUL)35911 | ||
| 040 |
_aMOE _cMOE _dBD-RjUL _bben |
||
| 041 | _aben | ||
| 082 |
_a320.095492 _bAKA 2009 _223 |
||
| 100 | 1 |
_aআখতার, মুহাম্মাদ ইয়াহ্ইইয়া _9167028 |
|
| 245 | 1 | 0 |
_aঅভিনব সরকার ব্যাতিক্রমি নির্বাচন / _cমুহাম্মাদ ইয়াহ্ইইয়া আখতার |
| 260 |
_aঢাকা : _bএ এইচ ডেভেলপমেন্ট, _c২০০৯ |
||
| 300 |
_a৪৮৩ পৃ ; _c23 cm |
||
| 504 | _aগ্রন্থপঞ্জী এবং ইনডেক্স সংযুক্ত | ||
| 650 |
_aরাজনীতি ও সরকার _9167029 |
||
| 650 |
_aPolitics and government _xবাংলাদেশ _zBangladesh _9167030 |
||
| 942 |
_2ddc _cBK |
||
| 999 |
_c35816 _d35816 |
||